| 000 | 00547nam a2200169 i 4500 | ||
|---|---|---|---|
| 001 | 183102 | ||
| 003 | ES-MaACL | ||
| 005 | 20251122063141.0 | ||
| 008 | 140115s1975 ag | |||| ||spa d | ||
| 080 | _a821.134.2(82)-4"19" | ||
| 100 | 1 |
_aBorges, Jorge Luis, _d1899-1986 _9242526 |
|
| 245 | 1 | 0 |
_aPrólogos _b: con un prólogo de prólogos / _cJorge Luis Borges. |
| 260 |
_aBuenos Aires : _bTorres Agüero, _c1975. |
||
| 300 |
_a173 p. ; _c21 cm. |
||
| 852 |
_aES-MaACL _jL-29921 _z.- Donat. Miguel A. Velasco |
||
| 999 |
_c183102 _d183102 |
||